Despite the State: (Record no. 184233)

MARC details
000 -LEADER
fixed length control field 00646nam a22001817a 4500
005 - DATE AND TIME OF LATEST TRANSACTION
control field 20220117095400.0
010 ## - LCCN (DPL NO)
LC control number ENG-131154
020 ## - INTERNATIONAL STANDARD BOOK NUMBER
International Standard Book Number 978-81-948-790-15
Terms of availability 349.00
035 ## - SYSTEM CONTROL NUMBER
System control number EN-114686
037 ## - SOURCE OF ACQUISITION
Source of stock number/acquisition DBAD
082 ## - DEWEY DECIMAL CLASSIFICATION NUMBER
Classification number 320.4
100 ## - MAIN ENTRY--PERSONAL NAME
Personal name Rajshekhar, M.
245 ## - TITLE STATEMENT
Title Despite the State:
Statement of responsibility, etc M. Rajshekhar
Remainder of title Why India Lets Its people down and how they cope/
260 ## - PUBLICATION, DISTRIBUTION, ETC. (IMPRINT)
Place of publication, distribution, etc Chennai
Name of publisher, distributor, etc Westland Publications Private Limited
Date of publication, distribution, etc 2021
270 ## - ADDRESS
City Chennai
Address 1st Floor, A Block, East Wing, Plot No. 40, SP Info City, Dr. MGR Salai, Perungudi, Kandanchavadi
Postal code 600096
300 ## - PHYSICAL DESCRIPTION
Extent 300p.
Dimensions 22cm(pbk)
942 ## - ADDED ENTRY ELEMENTS (KOHA)
Source of classification or shelving scheme Dewey Decimal Classification
Item type English Books
Classification part 320.4
Call number suffix RAJ
Holdings
Withdrawn status Lost status Not for loan Collection code Home library Current library Date acquired Source of acquisition Cost, normal purchase price Full call number Barcode Copy number Cost, replacement price Koha item type
    Not For Loan Non-fiction D.B.Act.Division Mobile Library 17/01/2022 DBAD/PUB 349.00 320.4 RAJ EN-114686 1 349.00 English Books

© Delhi Public Library
Hit Counter
free hit counter